000 00870nam a2200241Ia 4500
001 19586
003 GE_BSU
008 181216s||||||||xx |||||||||||||| ||und||
040 _cGE_BSU
080 _a006.1(075.8)
100 _aმამულაძე,რომან, ფუტკარაძე, ზაურ
245 _aსტანდარტიზაცია და სერტიფიკაცია= Standartization and Certifikacion
245 _cრედ. ა. აბრალავა
250 _a9789941435348
260 _aთბილისი
260 _bალიონი
260 _c2014
300 _a334გვ.
541 _h10ლ.35თ.
653 _aსტანდარტიზაცია და სერტიფიკაცია= Standartization and Certifikacion
653 _aქსეროქსი
942 _cBK
999 _c52562
_d52562